Statistics for Top 10 Middle Eastern Airlines

Click here to take the quiz!

General Stats

  • This quiz has been taken 272 times
  • The average score is 7 of 10

Answer Stats

RankAirline% Correct
2Emirates
97%
1Qatar Airways
94%
3Etihad Airways
83%
5Saudi Arabian Airlines
77%
4Oman Air
71%
6Gulf Air
64%
7Royal Jordanian Airlines
60%
10Middle East Airlines
44%
9flyDubai
41%
8Air Arabia
32%

Score Distribution

Percentile by Number Answered

Percent of People with Each Score

Your Score History

You have not taken this quiz